Otsego County postal history (Record no. 2328)

000 -LEADER
fixed length control field 00426nam a22000977a 4500
008 - FIXED-LENGTH DATA ELEMENTS--GENERAL INFORMATION
fixed length control field 170327b xxu||||| |||| 00| 0 eng d
100 ## - MAIN ENTRY--AUTHOR'S NAME
Author's Name Fielder, Dotothy
245 ## - TITLE STATEMENT
Title Otsego County postal history
260 ## - PUBLICATION, DISTRIBUTION, ETC. (IMPRINT)
Place of publication, distribution, etc. Maryland, NY
Name of publisher, distributor, etc. author
Date of publication, distribution, etc. 1994
650 ## - TOPICAL TERM (Tag)
Topical term or geographic name nited States | New York | Otsego County | Postal History | Post Offices | Postal Service | Postal Markings | Postal Routes Transportation of Mail | Railway Mail | Mobile Post Offices
Holdings
Withdrawn status Lost status Source of classification or shelving scheme Damaged status Koha normalized classification for sorting Not for loan Collection code Permanent Location Current Location Shelving location Date acquired Total Checkouts Full call number Barcode Date last seen Copy number Price effective from Koha item type
        G3803 O8 F458     Northern Philatelic Library Northern Philatelic Library General Stacks 03/27/2017   G3803 O8 F458 1003163 03/27/2017 1 03/27/2017 Books

Powered by Koha